000 01037nas a2200313 4500
001 BR2015006010
003 BR-BrBNA
005 20231205125823.0
007 ta
008 230509b bl.|||p| |||| 00| 00por d
040 _aBR-BrBNA
_bpor
_cBiblioteca Nacional de Agricultura
041 _a(Pt)
072 _aQ70; Q04
100 1 _aAscheri, D.P.R.
100 1 _aÁvila, R. de
100 1 _aReis, R.C. dos
100 1 _aBarbosa, L.S.
100 1 _aRezende, F.L. de
245 1 _aAvaliação da composição centesimal e utilização na elaboração de biscoitos tipo cookie do resíduo da extração da fécula do mangarito
650 _aFECULA
650 _aBISCOITO
650 _aRESIDUO ORGANICO
650 _aCOMPOSICAO DE ALIMENTO
650 _aRIZOMA
773 0 _tRevista Agrotecnologia (Brazil)
_xISSN 2179-5959
_g(2010), v. 1(1) p. 21-32
_wBR2015006010
856 4 0 _uhttp://www.revista.ueg.br/index.php/agrotecnologia/article/view/212/177
909 _a202311
_bLúcia
_c55
_dLúcia Elande
942 _2AGRIS
_n0
_cANA
999 _c246338
_d246338